Influence de la consommation des ménages sur la qualité de la vie en France en comparant avec la Slovaquie diplomová práca
Guardado en:
| Autor principal: | |
|---|---|
| Autor Corporativo: | |
| Otros Autores: | |
| Formato: | Libro |
| Lenguaje: | francés |
| Publicado: |
Bratislava
2013
|
| Etiquetas: |
Sin Etiquetas, Sea el primero en etiquetar este registro!
|
MARC
| LEADER | 00000nbm a2200000 4500 | ||
|---|---|---|---|
| 001 | 0176004 | ||
| 005 | 20170314105028.4 | ||
| 041 | 0 | |a fre | |
| 044 | |a SK | ||
| 245 | 1 | 0 | |a Influence de la consommation des ménages sur la qualité de la vie en France en comparant avec la Slovaquie |b diplomová práca |c Michaela Vendžúrová ; školiteľ: Andrej Přívara |
| 264 | 1 | |a Bratislava |c 2013 | |
| 300 | |a 76 s. | ||
| 100 | 1 | |a Vendžúrová, Michaela | |
| 700 | 1 | |a Přívara, Andrej, 1983- | |
| 710 | 2 | |a Ekonomická univerzita v Bratislave. Ústav medzinárodných programov | |